The internet compendium: subject guides to humanities resources
Gespeichert in:
| Hauptverfasser: | , , |
|---|---|
| Format: | Buch |
| Sprache: | Englisch |
| Veröffentlicht: |
Nueva York
Neal-Schuman
1995
|
| Schlagworte: | |
| Tags: |
Tag hinzufügen
Keine Tags, Fügen Sie den ersten Tag hinzu!
|
MARC
| LEADER | 00000nam a2200000 a 4500 | ||
|---|---|---|---|
| 001 | UCK9891 | ||
| 003 | CL-VaPUC | ||
| 008 | 060609e19950000US |||||||||||||||||eng|d | ||
| 020 | |a 155570218X | ||
| 082 | 0 | 4 | |a 025.06 |b ROS |2 21 |
| 100 | 0 | |a Rosenfeld, Louis |e author |9 499775 | |
| 700 | 0 | |a Janes, Joseph |e author |9 499776 | |
| 700 | 0 | |a Vander Kolh, Martha |e author |9 499777 | |
| 245 | 1 | 4 | |a The internet compendium: subject guides to humanities resources |
| 300 | |a 368 p | ||
| 942 | |c BK | ||
| 945 | |d 20060609 00:00:00 |a jtorresc | ||
| 260 | |a Nueva York |b Neal-Schuman |c 1995 | ||
| 650 | 0 | |a Internet |9 254823 | |
| 650 | 0 | |a Diseño gráfico |9 266874 | |
| 650 | 0 | |a Programación de computadores |9 259531 | |
| 583 | |a last modification |c 20060609 00:00:00 |k Rodrigo Vera | ||
| 999 | |c 316892 |d 316890 | ||
| 952 | |0 0 |1 0 |4 0 |6 025_060000000000000_ROS_1995 |7 0 |8 F |9 392452 |a BIBING |b BIBING |d 2019-11-22 |i 3140792 |o 025.06 ROS 1995 |p 3140792 |r 2025-01-20 |w 2019-11-22 |y BK_F |k ING | ||